000 01822nam0a2200373 4500
001 RU\NLR\BIBL_A\022611764
005 20251202134341.0
010 _a978-5-235-05264-2
_91500
021 _aRU
_bКН-П-25-040458
_9КН-П-25-3940
035 _a(NLR Aleph) 022611764
090 _a13496420
_c13496420
100 _a20250828d2025 u y0rusy50 ca
101 0 _arus
102 _aRU
105 _aach|z|||000zb
181 0 _ai3
_baxxe
182 0 _an
200 1 _aЯсен Засурский
_eсчастье - в борьбе и преодолении
_fГригорий Прутцков
203 _aТекст
_bвизуальный
_cнепосредственный
210 _aМосква
_cМолодая гвардия
_d2025
215 _a205, [2] с., [16] л. ил., портр., факс.
_d21
225 1 _aЖизнь замечательных людей
_ecерия биографий
_fоснована в 1890 году Ф. Павленковым и продолжена в 1933 году М. Горьким
_vвып. 2271 (2071)
300 _aНа 4-й с. обл. авт.: Григорий Прутцков, д-р филол. наук, проф.
320 _aБиблиогр.: с. 202-204
333 _a16+
600 1 _aЗасурский
_bЯ. Н.
_f1929 - 2021
_gЯсен Николаевич
_92434494
_3RU\NLR\AUTH\6601666884
686 1 _aЧ489.524(2Р)7-8Засурский
686 1 _aЧ612.3(2Р)7-8Засурский
700 1 _aПрутцков
_bГ. В.
_gГригорий Владимирович
702 1 _4280
_7ca
_8rus
_aЗасурский
_bЯ. Н.
_f1929-2021
_gЯсен Николаевич
_9115778
_3RU\NLR\AUTH\775819
942 _cBOOK
980 _aNB